'90s Dance Group or Perfume? Quiz Stats

Quiz Updated Apr 5, 2016

Challenge
Share
Tweet
Embed
Score 0/30 Timer 05:00
0 Plays Today
Name (A)rtist or (P)erfume? % Correct
Ini Kamoze???
74.4%
Haddaway???
72.4%
Republica???
69.6%
Fracas???
69.5%
Culture Beat???
69%
Sonique???
67.1%
Planet Soul???
65.6%
Hypnotic Poison???
64.9%
Perhaps???
63.5%
Londonbeat???
60%
Youth Dew???
59.3%
Lollipop Bling???
59.1%
Je Suis Un Bubblegum???
58.8%
Cinnabar???
58.4%
Corona???
57%
Name (A)rtist or (P)erfume? % Correct
Rozalla???
51.1%
Don't Get Me Wrong Baby???
51%
Le Click???
49.6%
Crystal Waters???
49.4%
Madison Avenue???
46.7%
Black Box???
46.2%
My Insolence???
46.1%
Delicious Closet Queen???
45.7%
Amber???
44.7%
Full Choke???
44.2%
Livin' Joy???
44.1%
Hearts and Daggers???
43.2%
Cat Deluxe???
32.3%
Earthworm???
27.9%
Solar Donkey Power???
25.7%

You're not logged in!

Compare scores with friends on all Sporcle quizzes.
Join for Free
OR
Log In

You Might Also Like...

Show Comments

Extras

Top Quizzes Today


Score Distribution

Your Account Isn't Verified!

In order to create a playlist on Sporcle, you need to verify the email address you used during registration. Go to your Sporcle Settings to finish the process.

Report this User

Report this user for behavior that violates our Community Guidelines.

Details: